[Event "28th Pula Open 2014"]
[Site "Pula CRO"]
[Date "2014.06.11"]
[Round "6.17"]
[White "Doncevic, Dario"]
[Black "Licardo, Renato"]
[Result "1-0"]
[WhiteTitle "IM"]
[WhiteElo "2294"]
[BlackElo "2186"]
[WhiteFideId "14504553"]
[BlackFideId "14503573"]
[EventDate "2014.06.07"]
[EventType "swiss"]

1. e4 e5 2. Nf3 Nf6 3. d3 Nc6 4. Nbd2 d5 5. g3 dxe4 6. dxe4 Bg4 7. h3 Bh5 8. Bb5
Bc5 9. Qe2 O-O 10. Bxc6 bxc6 11. O-O Re8 12. Kg2 Qe7 13. Qc4 Rad8 14. Nb3 Bd4
15. c3 Bb6 16. Re1 Qd7 17. Nh4 Bxf2 18. Rf1 Bb6 19. Bg5 Qe6 20. Qxe6 Rxe6 21.
Bxf6 gxf6 22. g4 Bg6 23. Nf5 Bxf5 24. Rxf5 Be3 25. Rf3 Bf4 26. Raf1 Red6 27.
R1f2 Kf8 28. Nc5 Rd2 29. Rxd2 Rxd2+ 30. Rf2 Ke7 31. Rxd2 Bxd2 32. Kf3 Bc1 33.
Nd3 Bg5 34. Nc5 Bh6 35. Ke2 Bg5 36. Kf3 Bc1 37. Nd3 Bh6 38. Nc5 Ke8 39. c4 Bf8
40. Nd3 Kd7 41. Kg3 Kd6 42. Kf3 Ke6 43. Ke3 Kd6 44. Kd2 Ke6 45. Kc3 Kd7 46. Kb3
Bh6 47. Ka4 Be3 48. Ka5 Ke6 49. Ka6 f5 50. gxf5+ Kf6 51. c5 Kg5 52. Kxa7 Kh4 53.
Kb7 Kxh3 54. a4 1-0

[Event "28th Pula Open 2014"]
[Site "Pula CRO"]
[Date "2014.06.11"]
[Round "6.18"]
[White "Kaczur, Florian"]
[Black "Tica, Sven"]
[Result "1-0"]
[WhiteElo "2289"]
[BlackElo "2177"]
[WhiteFideId "705098"]
[BlackFideId "14526948"]
[EventDate "2014.06.07"]
[EventType "swiss"]

1. e4 c5 2. Nf3 Nc6 3. d4 cxd4 4. Nxd4 g6 5. Nc3 Bg7 6. Be3 Nf6 7. Bc4 O-O 8.
Bb3 a5 9. O-O a4 10. Nxa4 Nxe4 11. Nb5 d6 12. Bb6 Qd7 13. c4 Nc5 14. Bxc5 dxc5
15. Qxd7 Bxd7 16. Nxc5 Bf5 17. Nxb7 Bxb2 18. Rad1 Rab8 19. Nc5 Rfc8 20. Na6 Rb6
21. Nac7 Na5 22. Nd5 Rb7 23. Rd2 Bg7 24. Ne3 Be6 25. Rfd1 Bh6 26. Rd8+ Rxd8 27.
Rxd8+ Kg7 28. Nd4 Bxe3 29. Nxe6+ fxe6 30. fxe3 Nxb3 31. axb3 Rxb3 32. Kf2 Rc3
33. Rc8 Kf6 34. Rc5 Rc1 35. Kf3 Rf1+ 36. Ke2 Rg1 37. Kf2 Rc1 38. h3 h5 39. h4
Rh1 40. g3 Rc1 41. Rc8 e5 42. Kf3 Rf1+ 43. Ke4 Rg1 44. c5 Rxg3 45. c6 Ke6 46.
Rd8 1-0

[Event "28th Pula Open 2014"]
[Site "Pula CRO"]
[Date "2014.06.11"]
[Round "6.20"]
[White "Zvan, Ziga"]
[Black "Roth, Josef"]
[Result "1-0"]
[WhiteTitle "FM"]
[WhiteElo "2274"]
[BlackElo "2115"]
[WhiteFideId "14602814"]
[BlackFideId "4609778"]
[EventDate "2014.06.07"]
[EventType "swiss"]

1. d4 d5 2. c4 e6 3. Nc3 c5 4. cxd5 exd5 5. Nf3 Nc6 6. Bf4 Nf6 7. Rc1 c4 8. g3
Be7 9. Bg2 O-O 10. O-O Bg4 11. Ne5 Be6 12. Nxc6 bxc6 13. Qa4 Qb6 14. b3 cxb3 15.
Rb1 b2 16. Nd1 Qb5 17. Qc2 Rac8 18. Nxb2 Qa6 19. Na4 Rfe8 20. Rfe1 Bf8 21. Bf1
Qa5 22. Bd2 Qc7 23. Bb4 Bxb4 24. Rxb4 Rb8 25. Rxb8 Rxb8 26. Rc1 Qa5 27. Qxc6 Bd7
28. Qd6 Rd8 29. Nc5 Be8 30. Qe7 Rb8 31. Nb7 Qxa2 32. Rc7 Qb1 33. Nd6 Qg6 34.
Rxa7 h5 35. h4 Ne4 36. Nxe4 dxe4 37. d5 Qb6 38. d6 1-0

[Event "28th Pula Open 2014"]
[Site "Pula CRO"]
[Date "2014.06.11"]
[Round "6.21"]
[White "Sevo, Igor"]
[Black "Schaffert, Walter"]
[Result "1-0"]
[WhiteElo "2259"]
[BlackElo "2027"]
[WhiteFideId "14503174"]
[BlackFideId "12926795"]
[EventDate "2014.06.07"]
[EventType "swiss"]

1. e4 d5 2. Nc3 d4 3. Nce2 Nc6 4. d3 e5 5. f4 exf4 6. Bxf4 Bd6 7. Nf3 Nge7 8. g3
f6 9. Bg2 g5 10. Bxd6 Qxd6 11. O-O Bg4 12. Nd2 Ne5 13. h3 Bxe2 14. Qxe2 O-O-O
15. Qh5 Kb8 16. Rf2 Rdf8 17. Raf1 N7g6 18. Bf3 a6 19. Kg2 Qc6 20. Bd1 Qd6 21.
Nf3 Nc6 22. Nh2 Nce5 23. Ng4 Nxg4 24. Bxg4 Ne5 25. Bd1 Ka7 26. Qh6 Ng6 27. Qg7
Rfg8 28. Qh6 Rf8 29. Rf5 Qe7 30. a3 c6 31. Kh2 Rhg8 32. Bh5 Rg7 33. Bd1 Rgf7 34.
Qh5 Ne5 35. Qe2 h5 36. Qf2 Qd6 37. Kh1 c5 38. Bxh5 Rh7 39. g4 Nd7 40. Kg2 Rh6
41. b4 b6 42. bxc5 bxc5 43. Rd5 Qc7 44. Qf5 Rd8 45. Rb1 Ne5 46. Qe6 Rxd5 47.
exd5 Nd7 48. Qe7 f5 49. Qxg5 Rh8 50. Qe7 f4 51. d6 Qc6+ 52. Qe4 Ne5 53. Qxc6
Nxc6 54. Bg6 f3+ 55. Kg3 Rf8 56. Be4 f2 57. Rf1 1-0

[Event "28th Pula Open 2014"]
[Site "Pula CRO"]
[Date "2014.06.11"]
[Round "6.23"]
[White "Skreno, Vladimir"]
[Black "Zuttioni, Federico"]
[Result "1/2-1/2"]
[WhiteElo "2237"]
[BlackElo "2081"]
[WhiteFideId "14902893"]
[BlackFideId "849596"]
[EventDate "2014.06.07"]
[EventType "swiss"]

1. d4 Nf6 2. Nf3 d6 3. c4 Bg4 4. Nbd2 c5 5. Qa4+ Qd7 6. Qxd7+ Nbxd7 7. b3 e5 8.
dxe5 dxe5 9. Ng5 h6 10. Nge4 Bf5 11. Nc3 e4 12. Nb5 Rc8 13. e3 a6 14. Nc3 Rc7
15. Bb2 Be6 16. h3 h5 17. Be2 h4 18. O-O-O Rg8 19. Ndb1 Ne5 20. a3 Rh8 21. Rd2
Be7 22. Rhd1 b5 23. cxb5 Bxb3 24. Rf1 a5 25. Bd1 Bc4 26. Be2 Bb3 27. Bd1 Bc4 28.
Be2 1/2-1/2

[Event "28th Pula Open 2014"]
[Site "Pula CRO"]
[Date "2014.06.11"]
[Round "6.24"]
[White "Yrjola, Jouni"]
[Black "Ladisic, Alex-Sacha"]
[Result "1-0"]
[WhiteTitle "GM"]
[WhiteElo "2366"]
[BlackElo "2005"]
[WhiteFideId "500011"]
[BlackFideId "610631"]
[EventDate "2014.06.07"]
[EventType "swiss"]

1. d4 Nf6 2. c4 d6 3. Nf3 Nc6 4. Nc3 e5 5. g3 Bg4 6. Bg2 Qc8 7. d5 Nd8 8. h3 Bd7
9. c5 Be7 10. cxd6 cxd6 11. Be3 Qb8 12. a4 Kf8 13. Nd2 Ne8 14. Qb3 f6 15. Nc4
Nf7 16. Rd1 Bd8 17. Rc1 g6 18. Qa3 Kg7 19. b4 Rf8 20. b5 f5 21. f4 g5 22. Qb4 h6
23. Rb1 Bf6 24. b6 a6 25. Rc1 exf4 26. gxf4 Bxc3+ 27. Qxc3+ 1-0

[Event "28th Pula Open 2014"]
[Site "Pula CRO"]
[Date "2014.06.11"]
[Round "6.25"]
[White "Wagner, Rainer"]
[Black "Jusic, Zdenko"]
[Result "0-1"]
[BlackTitle "IM"]
[WhiteElo "2074"]
[BlackElo "2289"]
[WhiteFideId "24612600"]
[BlackFideId "14501902"]
[EventDate "2014.06.07"]
[EventType "swiss"]

1. d4 Nf6 2. c4 d6 3. Nc3 Nbd7 4. g3 e5 5. Nf3 g6 6. Bg2 Bg7 7. O-O O-O 8. h3 a6
9. Be3 Rb8 10. a4 a5 11. Qd2 Re8 12. Rfd1 e4 13. Ng5 Nb6 14. b3 d5 15. c5 Na8
16. h4 c6 17. Bf4 Nc7 18. e3 Ra8 19. Rdb1 h6 20. Bxc7 Qxc7 21. Nh3 Bg4 22. Ne2
Qd7 23. Nef4 Qf5 24. Kh2 g5 25. hxg5 hxg5 26. Ne2 Qh7 27. Rh1 Bxe2 28. Qxe2 g4
29. Kg1 gxh3 30. Bxh3 Qg6 31. Rh2 b6 32. cxb6 Reb8 33. Rc1 Rxb6 34. Rc3 Rab8 35.
Qc2 Ng4 36. Bxg4 Qxg4 37. Rh4 Qd7 38. Qd1 Bf6 39. Rh6 Qf5 40. Qc2 Kg7 41. Rh1 c5
42. Rxc5 Rxb3 43. Qd1 Rb1 44. Rc1 Rxc1 45. Qxc1 Qf3 46. Rh2 Rb3 0-1

[Event "28th Pula Open 2014"]
[Site "Pula CRO"]
[Date "2014.06.12"]
[Round "7.1"]
[White "Fodor, Tamas Jr."]
[Black "Fercec, Nenad"]
[Result "1/2-1/2"]
[WhiteTitle "GM"]
[BlackTitle "GM"]
[WhiteElo "2462"]
[BlackElo "2495"]
[WhiteFideId "723762"]
[BlackFideId "14500299"]
[EventDate "2014.06.07"]
[EventType "swiss"]

1. c4 e5 2. g3 Nf6 3. Bg2 d5 4. cxd5 Nxd5 5. Nc3 Nb6 6. e3 Nc6 7. Nge2 Be7 8.
O-O O-O 9. f4 exf4 10. Nxf4 Nb4 11. d4 c5 12. d5 Nc4 13. a3 Na6 14. b3 Nd6 15.
Bb2 Bf6 16. Qc2 Re8 17. Rae1 Bd7 18. e4 c4 19. b4 Be5 20. Kh1 Rc8 21. Nfe2 Nc7
22. Ng1 Bg4 23. Qf2 b6 24. Ba1 1/2-1/2

[Event "28th Pula Open 2014"]
[Site "Pula CRO"]
[Date "2014.06.12"]
[Round "7.3"]
[White "Dauth, Benjamin"]
[Black "Zufic, Miroslav"]
[Result "1/2-1/2"]
[WhiteTitle "FM"]
[BlackTitle "IM"]
[WhiteElo "2345"]
[BlackElo "2470"]
[WhiteFideId "4688104"]
[BlackFideId "14506157"]
[EventDate "2014.06.07"]
[EventType "swiss"]

1. e4 c5 2. c3 d5 3. exd5 Qxd5 4. d4 Nc6 5. Nf3 Bf5 6. Be3 Nf6 7. Qb3 cxd4 8.
Bc4 Na5 9. Qb5+ Qxb5 10. Bxb5+ Bd7 11. Nxd4 a6 12. Bxd7+ Kxd7 13. Na3 Rc8 14.
Nb3 Nxb3 15. axb3 e6 16. Nc4 Bc5 17. O-O-O+ Ke7 18. Bxc5+ Rxc5 19. Rd4 Rd8 20.
Rhd1 Rxd4 21. Rxd4 Rh5 22. h3 Nd5 23. Kd2 Rf5 24. Ke1 h5 25. g3 g5 26. b4 b6 27.
h4 g4 28. Ke2 f6 29. Ke1 b5 30. Na5 Rf3 31. Nb3 Nb6 32. Nc5 e5 33. Rd3 Rxd3 34.
Nxd3 Nd7 35. b3 Kd6 36. c4 f5 37. Ke2 Nb8 38. Nc5 Ke7 39. Kd3 Kd6 40. Kc3 e4 41.
Kd2 Ke5 42. Ke3 Nc6 43. Nxa6 Nd4 44. cxb5 Nxb5 45. Nc5 Nc3 46. Nd7+ Ke6 47. Nc5+
Ke5 48. Nd7+ Ke6 49. Nc5+ Ke5 1/2-1/2

[Event "28th Pula Open 2014"]
[Site "Pula CRO"]
[Date "2014.06.12"]
[Round "7.4"]
[White "Drazic, Sinisa"]
[Black "Franciskovic, Borka"]
[Result "1-0"]
[WhiteTitle "GM"]
[BlackTitle "WIM"]
[WhiteElo "2433"]
[BlackElo "2310"]
[WhiteFideId "901172"]
[BlackFideId "14507943"]
[EventDate "2014.06.07"]
[EventType "swiss"]

1. b3 Nf6 2. Bb2 d5 3. Nf3 e6 4. c4 Be7 5. g3 b6 6. Bg2 Bb7 7. O-O dxc4 8. bxc4
c5 9. a4 Nc6 10. Ne5 Qc8 11. d3 O-O 12. Nd2 Nb4 13. a5 Bxg2 14. Kxg2 Qb7+ 15.
Ndf3 Rfd8 16. Qa4 bxa5 17. Qxa5 Ne8 18. Bc3 f6 19. Ng4 Nc7 20. Ne3 Nc6 21. Qa4
a5 22. Rfb1 Nb4 23. Kg1 Bf8 24. h4 h5 25. Qd1 Ra6 26. Ra4 Rda8 27. Rba1 e5 28.
Nd2 Ne6 29. Nb3 Nd4 30. R1a3 Nxb3 31. Rxb3 Qd7 32. Rba3 Bd6 33. Qa1 Bc7 34. Qf1
Bd8 35. Ra1 Qc6 36. Qg2 Qxg2+ 37. Kxg2 Rb8 38. Kf1 Kf7 39. Ke1 Ke6 40. Kd2 Ra7
41. Rb1 g5 42. Rh1 Rh7 43. Bxb4 Rxb4 44. Ra2 g4 45. Nd5 Rb3 46. Kc2 Rb8 47. e4
Rhb7 48. Ne3 Rb4 49. Rha1 R4b7 50. Rf1 a4 51. Rfa1 a3 52. Nd1 Ba5 53. Rxa3 Be1
54. Ra6+ Kf7 55. Ra7 Kg6 56. Rxb7 Rxb7 57. Ra6 Rc7 58. Rb6 Rc8 59. Kc1 Rd8 60.
Kc2 Rc8 61. Rb7 Ra8 62. Ne3 Bxf2 63. Nf5 Rg8 64. Kd2 Bd4 65. Ke2 Bg1 66. Kf1 Bd4
67. Rc7 Bc3 68. Ne7+ 1-0

[Event "28th Pula Open 2014"]
[Site "Pula CRO"]
[Date "2014.06.12"]
[Round "7.5"]
[White "Doncevic, Dario"]
[Black "Jovanovic, Zoran"]
[Result "0-1"]
[WhiteTitle "IM"]
[BlackTitle "GM"]
[WhiteElo "2294"]
[BlackElo "2556"]
[WhiteFideId "14504553"]
[BlackFideId "14505320"]
[EventDate "2014.06.07"]
[EventType "swiss"]

1. c4 e5 2. g3 Nc6 3. Bg2 f5 4. Nc3 Nf6 5. e3 d5 6. cxd5 Nb4 7. d3 c6 8. Nge2
Nfxd5 9. d4 e4 10. O-O Be7 11. f3 exf3 12. Bxf3 O-O 13. a3 Nxc3 14. Nxc3 Na6 15.
Qb3+ Kh8 16. Ne2 Nc7 17. Nf4 Bd6 18. Bd2 a5 19. Nd3 Be6 20. Qxb7 Bc4 21. Be2 Qd7
22. Rac1 Bd5 23. Qb6 Rfb8 24. Nc5 Qc8 25. Bxa5 Rxb6 26. Bxb6 Ne6 0-1

[Event "28th Pula Open 2014"]
[Site "Pula CRO"]
[Date "2014.06.12"]
[Round "7.6"]
[White "Bosiocic, Marin"]
[Black "Kaczur, Florian"]
[Result "1-0"]
[WhiteTitle "GM"]
[WhiteElo "2543"]
[BlackElo "2289"]
[WhiteFideId "14507927"]
[BlackFideId "705098"]
[EventDate "2014.06.07"]
[EventType "swiss"]

1. e4 c5 2. Nf3 Nc6 3. Bb5 Nf6 4. Nc3 Qc7 5. O-O Nd4 6. Re1 e5 7. Nxd4 cxd4 8.
Nd5 Nxd5 9. exd5 a6 10. Ba4 Bd6 11. c3 O-O 12. cxd4 exd4 13. h3 b5 14. Bb3 Bb7
15. d3 Rae8 16. Bd2 f5 17. Qh5 Qd8 18. Bg5 Rxe1+ 19. Rxe1 Qc7 20. Re8 Qa5 21.
Kf1 g6 22. Rxf8+ Bxf8 23. d6+ Kh8 24. Bf6+ 1-0

[Event "28th Pula Open 2014"]
[Site "Pula CRO"]
[Date "2014.06.12"]
[Round "7.8"]
[White "Beletic, Daniel"]
[Black "Kovacevic, Blazimir"]
[Result "1/2-1/2"]
[BlackTitle "IM"]
[WhiteElo "2270"]
[BlackElo "2474"]
[WhiteFideId "14602709"]
[BlackFideId "14502712"]
[EventDate "2014.06.07"]
[EventType "swiss"]

1. d4 f5 2. Bg5 h6 3. Bh4 g5 4. e4 Nf6 5. e5 e6 6. exf6 Qxf6 7. Bg3 f4 8. Bd3
Nc6 9. Qh5+ Kd8 10. c3 d5 11. Qf3 Bd6 12. Ne2 Rf8 13. Bxf4 gxf4 14. Nd2 Bd7 15.
O-O-O a6 16. Kb1 Kc8 17. Rdf1 Qf7 18. c4 Nb4 19. Nc3 Qg7 20. a3 Nxd3 21. Qxd3
Kb8 22. c5 Be7 23. Ka2 Bf6 24. Nf3 Ka7 25. Rhg1 Rae8 26. Re1 Rg8 27. Ne5 Bxe5 1/2-1/2

[Event "28th Pula Open 2014"]
[Site "Pula CRO"]
[Date "2014.06.12"]
[Round "7.9"]
[White "Rukavina, Josip"]
[Black "Zvan, Ziga"]
[Result "1-0"]
[WhiteTitle "IM"]
[BlackTitle "FM"]
[WhiteElo "2410"]
[BlackElo "2274"]
[WhiteFideId "14500191"]
[BlackFideId "14602814"]
[EventDate "2014.06.07"]
[EventType "swiss"]

1. Nf3 Nf6 2. c4 e6 3. g3 Be7 4. Bg2 O-O 5. O-O b6 6. b3 Bb7 7. Bb2 d5 8. e3 c5
9. Qe2 Nc6 10. Rd1 Qc7 11. Nc3 Rfd8 12. d4 cxd4 13. Nb5 Qb8 14. exd4 a6 15. Nc3
Ra7 16. Rac1 Ba8 17. Ne5 Na5 18. cxd5 Nxd5 19. Nxd5 Bxd5 20. Bxd5 Rxd5 21. Rc2
Rd8 22. Rdc1 b5 23. Bc3 b4 24. Bd2 h6 25. Nxf7 Kxf7 26. Qh5+ g6 27. Qxa5 Qb5 28.
Qxb5 axb5 29. Bxh6 g5 30. Rc7 Rd7 31. Rxd7 Rxd7 32. f4 Kg6 33. Bxg5 Bxg5 34.
fxg5 Rxd4 35. Re1 Kxg5 36. Rxe6 Rd2 37. Re4 Rxa2 38. Rxb4 Rb2 39. h3 Kf5 40. h4
Ke5 41. g4 Kd5 42. Rxb5+ Ke4 43. Rf5 Rxb3 44. Kg2 1-0

[Event "28th Pula Open 2014"]
[Site "Pula CRO"]
[Date "2014.06.12"]
[Round "7.10"]
[White "Vasic, Bosko"]
[Black "Lizak, Peter"]
[Result "0-1"]
[BlackTitle "IM"]
[WhiteElo "2126"]
[BlackElo "2401"]
[WhiteFideId "14503972"]
[BlackFideId "731595"]
[EventDate "2014.06.07"]
[EventType "swiss"]

1. e4 c6 2. d4 d5 3. Nc3 dxe4 4. Nxe4 Bf5 5. Ng3 Bg6 6. Nh3 Nf6 7. Nf4 Nbd7 8.
h4 e5 9. dxe5 Nxe5 10. Qe2 Qe7 11. h5 Bxc2 12. Be3 Qb4+ 13. Qd2 Rd8 14. Qxb4
Bxb4+ 15. Ke2 Nd5 16. Nxd5 Rxd5 17. f4 Bd3+ 18. Kf2 Ng4+ 19. Kf3 Nxe3 20. Kxe3
Bc5+ 21. Kf3 O-O 22. Rc1 f5 23. Re1 Bxf1 24. Nxf1 Rd3+ 25. Ke2 Re8+ 26. Kxd3
Rxe1 27. Ng3 Re3+ 28. Kc4 Rxg3 29. Kxc5 Rxg2 30. b3 Rxa2 31. Rd1 Ra5+ 32. Kc4
Rd5 33. Rxd5 cxd5+ 34. Kxd5 g6 35. h6 Kf7 36. Ke5 a5 37. Kd5 b5 38. Kc5 a4 39.
bxa4 bxa4 40. Kb4 g5 0-1

[Event "28th Pula Open 2014"]
[Site "Pula CRO"]
[Date "2014.06.12"]
[Round "7.11"]
[White "Maier, Christian"]
[Black "Sevo, Igor"]
[Result "1/2-1/2"]
[WhiteTitle "IM"]
[WhiteElo "2369"]
[BlackElo "2259"]
[WhiteFideId "4601955"]
[BlackFideId "14503174"]
[EventDate "2014.06.07"]
[EventType "swiss"]

1. d4 Nf6 2. Nf3 g6 3. Nc3 c5 4. dxc5 Bg7 5. e4 Qa5 6. Bd3 Qxc5 7. Be3 Qa5 8.
Qd2 Nc6 9. Bh6 O-O 10. Bxg7 Kxg7 11. h3 d6 12. O-O Bd7 13. a3 Rac8 14. Rfe1 Ne5
15. Nxe5 dxe5 16. b4 Qc7 17. Nd5 Nxd5 18. exd5 b5 19. a4 a6 20. axb5 axb5 21.
Qe3 f6 22. Ra7 Qd6 23. f4 Qxd5 24. fxe5 fxe5 25. Qxe5+ Qxe5 26. Rxe5 Kf6 27.
Rxd7 Kxe5 28. Rxe7+ Kf4 29. Re4+ Kg5 30. Re5+ Kf4 31. Re4+ Kg5 32. Re5+ Kf4 33.
Re4+ 1/2-1/2

[Event "28th Pula Open 2014"]
[Site "Pula CRO"]
[Date "2014.06.12"]
[Round "7.12"]
[White "Bontempi, Piero"]
[Black "Mestek, Igor"]
[Result "0-1"]
[WhiteTitle "FM"]
[WhiteElo "2361"]
[BlackElo "2130"]
[WhiteFideId "809250"]
[BlackFideId "14602270"]
[EventDate "2014.06.07"]
[EventType "swiss"]

1. e4 Nf6 2. e5 Nd5 3. Nc3 Nxc3 4. bxc3 d6 5. f4 dxe5 6. fxe5 Qd5 7. d4 c5 8.
Nf3 cxd4 9. cxd4 Nc6 10. c3 Bf5 11. Bd3 Bxd3 12. Qxd3 e6 13. O-O Rd8 14. Rb1 Rd7
15. c4 Nxe5 16. Nxe5 Qxe5 17. Rxb7 Qxd4+ 18. Qxd4 Rxd4 19. Be3 Rd7 20. Rxd7 Kxd7
21. Rxf7+ Kc6 22. Rxa7 Bd6 23. Rxg7 Bc5 24. Kf2 Ra8 25. Bxc5 Rxa2+ 26. Kf3 Kxc5
27. Rxh7 Kxc4 28. h4 Kd4 29. h5 Ke5 30. Rf7 Ra4 31. g3 Ra1 32. h6 Rf1+ 33. Kg4
Rxf7 34. Kg5 Kd6 35. g4 e5 36. Kh5 e4 37. g5 e3 38. g6 Rf5+ 39. Kg4 e2 40. Kxf5
e1=Q 41. g7 Qe6+ 42. Kg5 Qf7 0-1

[Event "28th Pula Open 2014"]
[Site "Pula CRO"]
[Date "2014.06.12"]
[Round "7.13"]
[White "Brinovec, Dusan"]
[Black "Mihalincic, Tomislav"]
[Result "1/2-1/2"]
[BlackTitle "FM"]
[WhiteElo "2201"]
[BlackElo "2317"]
[WhiteFideId "14603489"]
[BlackFideId "14503867"]
[EventDate "2014.06.07"]
[EventType "swiss"]

1. d4 Nf6 2. c4 e6 3. Nf3 c5 4. e3 b6 5. Be2 Bb7 6. O-O cxd4 7. exd4 Be7 8. Nc3
d6 9. a4 Na6 10. a5 O-O 11. Qb3 Nd7 12. Bf4 Qb8 13. Qb5 Qc7 14. Bd3 Nab8 15. a6
Bc6 16. Qh5 Nf6 17. Qh3 g6 18. Bh6 Re8 19. Ng5 Bd7 20. Qf3 Nc6 21. Nb5 Qd8 22.
Be4 Na5 23. Na3 Rc8 24. Rac1 Bf8 25. Bxf8 Rxf8 26. b4 Nc6 27. Nb5 d5 28. cxd5
exd5 29. Bxd5 Nxd5 30. Qxd5 Nxb4 31. Rxc8 Qxc8 32. Qb3 Nc2 33. Rd1 Bxb5 34. Qxb5
Nxd4 35. Qd3 Nf5 36. Ne4 Qe6 37. h3 Rc8 38. Qd7 Qxd7 39. Rxd7 Ra8 40. Nc3 Rc8
41. Nb5 Rc5 42. Nxa7 Ra5 43. Nc8 Rxa6 44. Rb7 Ra1+ 45. Kh2 Ra2 46. Kg1 Ra1+ 47.
Kh2 Rf1 48. Rxb6 Rxf2 49. Kg1 Rc2 50. Nd6 Ne3 51. g4 Rg2+ 52. Kh1 Rf2 53. Ne4
Rf4 54. Nf6+ Kg7 55. g5 h6 56. gxh6+ Kxh6 57. Kh2 Rf1 58. Kg3 Nf5+ 59. Kg2 Ra1
60. Rb7 Ra2+ 61. Kg1 Kg5 62. Rxf7 Kf4 63. Kf1 Kg3 64. Ne4+ Kxh3 65. Rf6 Ne7 66.
Re6 Ra7 67. Nf2+ Kg3 68. Re3+ Kf4 69. Rb3 Nd5 70. Nd3+ Kg4 71. Ne5+ Kf5 72. Nxg6
Kxg6 73. Ke2 Kf5 74. Rb8 Ra3 75. Rf8+ Ke4 76. Re8+ Kd4 77. Rd8 Ke4 78. Re8+ Kf5
79. Kd2 Nf6 80. Re7 Ne4+ 81. Kc2 Kf4 82. Rh7 Rc3+ 83. Kb2 Rc5 84. Kb3 Ke3 85.
Kb4 Rc8 86. Kb5 Nd6+ 87. Kb4 Kd4 88. Rh4+ Ne4 89. Kb5 Rc5+ 90. Kb6 Rd5 91. Kc6
Rg5 92. Rh1 Rg6+ 93. Kd7 Nc5+ 94. Ke7 Ke5 1/2-1/2

[Event "28th Pula Open 2014"]
[Site "Pula CRO"]
[Date "2014.06.12"]
[Round "7.14"]
[White "Kastelic, Marian"]
[Black "Muskardin, Mario"]
[Result "0-1"]
[WhiteTitle "FM"]
[WhiteElo "2311"]
[BlackElo "2248"]
[WhiteFideId "14602245"]
[BlackFideId "14518180"]
[EventDate "2014.06.07"]
[EventType "swiss"]

1. d4 Nf6 2. c4 e6 3. Nf3 Bb4+ 4. Nbd2 b6 5. a3 Bxd2+ 6. Bxd2 Ne4 7. Bf4 Bb7 8.
e3 d6 9. Bd3 O-O 10. O-O f5 11. Nd2 Nxd2 12. Qxd2 Qf6 13. f3 e5 14. dxe5 dxe5
15. Bg3 c5 16. Rad1 Nc6 17. Qc2 Rad8 18. f4 e4 19. Be2 Rf7 20. Rd2 Rfd7 21. Rfd1
Nd4 22. exd4 cxd4 23. Bf1 d3 24. Qc3 Qxc3 25. bxc3 Ba6 26. Bf2 Bxc4 27. Bd4 Re8
28. Re1 Kf7 29. Kf2 Rd5 30. Ke3 Ra5 31. Ra1 Rd8 32. h3 Be6 33. g3 g6 34. Bg2
Rdd5 35. Rb2 Rdb5 36. Rb4 Rd5 37. g4 Ra6 38. Rc4 Rd7 39. Rc6 Ra4 40. h4 Rc4 41.
Rxc4 Bxc4 42. gxf5 gxf5 43. Bh3 Be6 44. Rg1 Kf8 45. h5 Rd5 46. Bg7+ Ke8 47. Be5
Rb5 48. Ra1 Rb2 49. Bf1 Rh2 50. Kd4 Bb3 51. Bxd3 Rd2 52. Ke3 Rxd3+ 0-1

[Event "28th Pula Open 2014"]
[Site "Pula CRO"]
[Date "2014.06.12"]
[Round "7.15"]
[White "Jeran, Bostjan"]
[Black "Yrjola, Jouni"]
[Result "1/2-1/2"]
[BlackTitle "GM"]
[WhiteElo "2179"]
[BlackElo "2366"]
[WhiteFideId "14604612"]
[BlackFideId "500011"]
[EventDate "2014.06.07"]
[EventType "swiss"]

1. g3 g6 2. Bg2 Bg7 3. c4 f5 4. Nf3 Nf6 5. O-O O-O 6. Nc3 d6 7. Re1 e5 8. d3 h6
9. b4 g5 10. Qb3 Qe7 11. Bb2 Be6 12. Nd5 Nxd5 13. cxd5 Bf7 14. Nd2 Nd7 15. Qc2
Nf6 16. e4 fxe4 17. dxe4 c6 18. dxc6 bxc6 19. a4 Rfc8 20. a5 Nd7 21. Rec1 Nf8
22. Nf1 Ne6 23. Ne3 Nd4 24. Qd3 Rab8 1/2-1/2

[Event "28th Pula Open 2014"]
[Site "Pula CRO"]
[Date "2014.06.12"]
[Round "7.16"]
[White "Jusic, Zdenko"]
[Black "Viviani, Alessio"]
[Result "0-1"]
[WhiteTitle "IM"]
[WhiteElo "2289"]
[BlackElo "2114"]
[WhiteFideId "14501902"]
[BlackFideId "856550"]
[EventDate "2014.06.07"]
[EventType "swiss"]

1. e4 c5 2. Nf3 g6 3. c3 Bg7 4. d3 Nc6 5. h3 Nf6 6. Be2 O-O 7. O-O d5 8. Nbd2 e5
9. Qa4 h6 10. Re1 Qc7 11. Bf1 Be6 12. b4 b5 13. Qxb5 Rfb8 14. Qxc5 Nd7 15. Qe3
d4 16. cxd4 exd4 17. Qe2 Nxb4 18. Nb3 Bxb3 19. axb3 Nc2 20. Bf4 Qxf4 21. Qxc2
Rc8 22. Qd1 Rc3 23. b4 Rac8 24. Rxa7 Rc1 25. Ra8 Rxd1 26. Rxc8+ Kh7 27. Rxd1 Ne5
28. Nxd4 Ng4 29. Nf3 Nxf2 30. Kxf2 Bd4+ 31. Ke1 Qe3+ 32. Be2 Qf2+ 33. Kd2 Be3+
34. Kc3 Qxe2 35. Rb1 Qxg2 36. Ne5 Qa2 37. Rf1 Qa3+ 38. Kc2 Qa2+ 39. Kc3 Bd2+ 40.
Kd4 Qa7+ 41. Rc5 f5 42. Nc6 Qd7+ 43. Kc4 Be3 44. Ne5 Qe6+ 45. Rd5 f4 46. Ra1 h5
47. h4 Qc8+ 48. Kb3 Kh6 49. Rd7 f3 50. Re7 g5 51. hxg5+ Bxg5 52. Rd7 f2 53. Rd6+
Kh7 54. Rc6 Qg8+ 55. Kc3 Qg7 56. d4 Bf6 57. Rc5 Qg3+ 58. Kb2 f1=Q 59. Rxf1 Qg2+
60. Kb3 Qxf1 61. Nc6 Qd3+ 62. Ka4 h4 63. e5 Bg5 64. e6 Qa6+ 65. Kb3 Qd3+ 66. Ka4
Bf6 67. e7 Qa6+ 68. Kb3 Bxe7 69. b5 Qb7 70. Rd5 h3 0-1

[Event "28th Pula Open 2014"]
[Site "Pula CRO"]
[Date "2014.06.12"]
[Round "7.17"]
[White "Papp, Tamas1"]
[Black "Krsnik Cohar, Ivan Vihor"]
[Result "0-1"]
[WhiteTitle "FM"]
[WhiteElo "2276"]
[BlackElo "2106"]
[WhiteFideId "725447"]
[BlackFideId "14520044"]
[EventDate "2014.06.07"]
[EventType "swiss"]

1. e4 d5 2. exd5 Qxd5 3. Nc3 Qd6 4. d4 Nf6 5. Nf3 Bg4 6. h3 Bxf3 7. Qxf3 c6 8.
Bf4 Qd8 9. O-O-O e6 10. Be5 Nbd7 11. g4 Bb4 12. g5 Nxe5 13. dxe5 Nd7 14. Ne4 Qc7
15. Qb3 Be7 16. Nd6+ Bxd6 17. exd6 Qb6 18. Qf3 Qa5 19. Bc4 Qxg5+ 20. Kb1 Qf6 21.
Qe2 O-O-O 22. h4 Nb6 23. Bb3 Rd7 24. c4 Qf5+ 25. Ka1 Rhd8 26. Rhg1 h6 27. Rxg7
c5 28. Qe3 Rxd6 29. Rxd6 Rxd6 30. Qxh6 Qxf2 31. a3 a5 32. a4 Nd7 33. Rg8+ Kc7
34. Qh8 Qf6 35. Rc8+ Kb6 36. h5 Rd2 37. h6 Rh2 38. Kb1 Rxb2+ 39. Kc1 Rxb3 40.
Qd8+ Qxd8 41. Rxd8 Nf6 42. Rf8 Rh3 0-1